Feelings women rarely share. (Record no. 14822)

000 -LEADER
fixed length control field 00606nam a2200205 a 4500
001 - CONTROL NUMBER
control field :::00012656$&:&@@
003 - CONTROL NUMBER IDENTIFIER
control field OkBaRHE
005 - DATE AND TIME OF LATEST TRANSACTION
control field 20000607103421.0
008 - FIXED-LENGTH DATA ELEMENTS--GENERAL INFORMATION
fixed length control field s1987 j 000 0 eng u
040 ## - CATALOGING SOURCE
Transcribing agency
100 1# - MAIN ENTRY--PERSONAL NAME
Personal name Reamer, Judy.
245 10 - TITLE STATEMENT
Title Feelings women rarely share.
260 ## - PUBLICATION, DISTRIBUTION, ETC. (IMPRINT)
Place of publication, distribution, etc Springdale, PA., ;
Name of publisher, distributor, etc Whitaker House
Date of publication, distribution, etc c1987
300 ## - PHYSICAL DESCRIPTION
Extent 201 p. ;
Dimensions 18 cm.
650 ## - SUBJECT ADDED ENTRY--TOPICAL TERM
Topical term or geographic name as entry element Interpersonal Relations
650 ## - SUBJECT ADDED ENTRY--TOPICAL TERM
Topical term or geographic name as entry element Sexual Ethics
650 ## - SUBJECT ADDED ENTRY--TOPICAL TERM
Topical term or geographic name as entry element Women
General subdivision Psychology
942 ## - ADDED ENTRY ELEMENTS (KOHA)
Source of classification or shelving scheme
Koha item type Books
Copies
Date acquired Permanent Location Current Location Damaged status Full call number Source of classification or shelving scheme Not for loan Lost status Total Checkouts Withdrawn status Copy number Shelving location Barcode Price effective from Koha item type Date last seen Total Renewals Date checked out
2010-04-14RHEMA Bible Training CollegeRHEMA Bible Training College HQ 1206 .R366   2 1General Stacks126562010-04-14Books2017-05-0572017-01-03